| 000 | 00658 a2200193 4500 | ||
|---|---|---|---|
| 010 | _aENG-90097 | ||
| 020 |
_a8185753849 _c450.00 |
||
| 035 | _aEN-73630 | ||
| 037 | _bDBAD / PUB | ||
| 082 | 1 | 4 | _a882.08 |
| 090 |
_c12457 _d12457 |
||
| 245 | 1 |
_aMahesh Dattani's plays: _cedited by Angelie Multani _bcritical perspectives/ |
|
| 260 |
_aDelhi _bPencraft International _c2007 |
||
| 270 |
_a4262/3, Ansari Road, Darya Ganj _bNew Delhi _cDelhi _e110002 |
||
| 300 |
_a174p. _c23 cm. (Hb.) |
||
| 700 | 1 | _aMultani, Angelie | |
| 942 |
_adpl _cEN _k882.08 / MAH |
||
| 999 |
_c12100 _d12100 |
||